000 00407nam a2200133 i 4500
001 30097
003 ES-MaACL
007 t|
008 030123s1899 cl ||||1| spa d
100 1 _aBarra, Eduardo de la.
_925804
245 1 3 _aLa vida Nacional
_b: el embrujamiento alemán (polémica pedagógica) /
_cEduardo de la Barra.
260 _aSantiago de Chile :
_b[s.n.,
_c1899]
852 _aES-MaACL
_jT-915-F-6
999 _c30097
_d30097